Vývoj průmyslu v českých zemích a na Slovensku od manufaktury do roku 1918
Obsáhlá práce, určená hospodářským pracovníkům, studujícím na odborných i vysokých školách, shrnuje výsledky marxistických monografií a podává celkový pohled na vývoj průmyslu. Zahrnuje počátky kapitalismu, v nichž se rozkládal feudální řád, až nástup imperialismu. Sleduje strukturu a rozmístění prů...
Saved in:
| Main Author | |
|---|---|
| Format | Book |
| Language | Czech |
| Published |
Praha :
NPL,
1964
|
| Edition | 1. vyd. |
| Subjects | |
| ISBN | (Váz.) : |
| Physical Description | 490 s. : [20] s. fot. příl. ; 8° |
Cover
| LEADER | 00000cam a22000001 4500 | ||
|---|---|---|---|
| 001 | 29828 | ||
| 003 | CZ-ZlUTB | ||
| 005 | 20190825235807.0 | ||
| 007 | ta | ||
| 008 | 971119s1964 xr d 000|0 cze | ||
| 020 | |a (Váz.) : |c Kčs 34,50 | ||
| 040 | |a ABA001 |b cze |c OLA001 |d ABA001 | ||
| 072 | 7 | |a 338.3/.4 |x Hospodářská a výrobní odvětví |2 Konspekt |9 4 | |
| 080 | |a 338.45(437)"1780/1918"+338"17/19"(091) |2 v | ||
| 080 | |a "1780/1918" |2 v | ||
| 080 | |a 338"17/19"(091) | ||
| 100 | 1 | |a Mrázek, Otakar, |d 1916- |7 jk01082274 |4 aut | |
| 245 | 1 | 0 | |a Vývoj průmyslu v českých zemích a na Slovensku od manufaktury do roku 1918 / |c Otakar Mrázek |
| 250 | |a 1. vyd. | ||
| 260 | |a Praha : |b NPL, |c 1964 |f (Rudé právo) | ||
| 300 | |a 490 s. : |b [20] s. fot. příl. ; |c 8° | ||
| 504 | |a Přehl. použité lit. | ||
| 500 | |a Pozn. | ||
| 500 | |a Obálka a vazba: Václav Matoušek | ||
| 500 | |a 1500 výt. | ||
| 520 | |a Obsáhlá práce, určená hospodářským pracovníkům, studujícím na odborných i vysokých školách, shrnuje výsledky marxistických monografií a podává celkový pohled na vývoj průmyslu. Zahrnuje počátky kapitalismu, v nichž se rozkládal feudální řád, až nástup imperialismu. Sleduje strukturu a rozmístění průmyslu, vývoj jednotlivých odvětví, rozvoj jejich techniky a technologie, organizaci a koncentraci výroby, centralizaci kapitálu i postavení dělnické třídy. | ||
| 655 | 0 | 7 | |a monografie |7 fd132842 |2 czenas |
| 650 | 0 | 4 | |a PRŮMYSL |z Česko |x dějiny |y 17. století, 2. pol.-1918 |
| 650 | 0 | 4 | |a PRŮMYSL |z Slovensko |x dějiny |y 1820-1918 |
| 650 | 0 | 4 | |a české dějiny |x kapitalismus |
| 650 | 0 | 4 | |a slovenské dějiny |x kapitalismus |
| 910 | |a ZLD002 | ||
| 952 | |0 0 |1 0 |4 0 |6 9437MRÁZEKO |7 0 |8 BOOK |9 72234 |a UTBZL |b UTBZL |c 006 |d 2007-02-05 |l 3 |o 943.7/MRÁZEK,O. |p 420010105401 |r 2019-11-25 00:00:00 |s 2019-10-16 |v 34.50 |w 2019-08-25 |x N:převod - Svit | 20100831 |y 04 | ||
| 992 | |a BK |b SK |d 2 | ||
| 999 | |c 29828 |d 29828 | ||